000 00393nam a2200145Ia 4500
008 230312s9999||||xx |||||||||||||| ||und||
020 _a9780764572135
082 _a005.8
_bMCC-C
100 _aHwang,O,Enoch
245 0 _aDigital logic and microprocessor design with VHDL
260 _bWiley
_aUSA
_c2004
300 _a268
650 _aComputer
_vWireless LANs Security measures
942 _cBK
999 _c17838
_d17838